[Event "19th Hogeschool Zeeland Tournament"]
[Site "Vlissingen"]
[Date "2015.08.08"]
[Round "9"]
[Board "27"]
[White "Foisor, Sabina-Francesca"]
[Black "Brouwer, Rein"]
[Result "1-0"]
[WhiteElo "2230"]
[BlackElo "2070"]
[PlyCount "123"]
[EventDate "2015.08.01"]
[EventRounds "9"]
[EventCountry "NED"]

1. d4 d5 2. c4 c6 3. Nc3 Nf6 4. e3 Bf5 5. cxd5 cxd5 6. Qb3 Nc6 7. Qxb7 Bd7 8.
Qb3 Rb8 9. Qd1 e5 10. dxe5 Nxe5 11. Be2 Bd6 12. Nf3 O-O 13. O-O Qe7 14. Nxe5
Bxe5 15. Nxd5 Nxd5 16. Qxd5 Rfd8 17. Qa5 Bc6 18. g3 Qf6 19. e4 Bxe4 20. Be3
Rxb2 21. Rad1 Rdb8 22. Bc4 h6 23. Bd3 Bf3 24. Rb1 Rxb1 25. Rxb1 Rxb1+ 26. Bxb1
g5 27. Bxa7 Bc3 28. Qf5 Qxf5 29. Bxf5 g4 30. Bc5 Kg7 31. Be7 Ba5 32. a3 Be2 33.
Bd7 h5 34. Bc6 Kg6 35. Be8 Bf3 36. Kf1 Kg7 37. Bb4 Bb6 38. a4 Kf6 39. a5 Ba7
40. Bd2 Ke7 41. Ba4 Bc5 42. Bg5+ Kf8 43. Bd8 Bb4 44. Bb5 Bc5 45. Bf6 Bb4 46. a6
Bc5 47. Bd7 Bd5 48. Bc8 Ke8 49. Bg5 Bc6 50. Ke1 Bb6 51. Bb7 Kd7 52. Bf4 Ba5+
53. Kf1 Bb5+ 54. Kg1 Bc6 55. Bxc6+ Kxc6 56. Be3 f5 57. Kf1 Bc3 58. Ke2 Be5 59.
Kd3 Bc7 60. Kc4 h4 61. a7 Kb7 62. Kd5 1-0

[Event "19th Hogeschool Zeeland Tournament"]
[Site "Vlissingen"]
[Date "2015.08.08"]
[Round "9"]
[Board "28"]
[White "Van Den Berg, Ad"]
[Black "Dardha, Daniel"]
[Result "1/2-1/2"]
[WhiteElo "2225"]
[BlackElo "1941"]
[PlyCount "27"]
[EventDate "2015.08.01"]
[EventRounds "9"]
[EventCountry "NED"]

1. e4 c5 2. Nc3 Nc6 3. Nge2 Nf6 4. g3 d5 5. exd5 Nxd5 6. Bg2 Nxc3 7. bxc3 g6 8.
O-O Bg7 9. d3 O-O 10. Be3 Qd6 11. Rb1 b6 12. h3 Bb7 13. Qd2 Nd8 14. Bxb7
 1/2-1/2

[Event "19th Hogeschool Zeeland Tournament"]
[Site "Vlissingen"]
[Date "2015.08.08"]
[Round "9"]
[Board "29"]
[White "Haak, Eelco"]
[Black "Gijsen, Stief"]
[Result "0-1"]
[WhiteElo "2081"]
[BlackElo "2203"]
[PlyCount "90"]
[EventDate "2015.08.01"]
[EventRounds "9"]
[EventCountry "NED"]

1. c4 e5 2. Nc3 Nc6 3. e3 Nf6 4. d4 Bb4 5. Nf3 e4 6. Nd2 Bxc3 7. bxc3 d6 8. Qc2
Qe7 9. Be2 Bf5 10. Rb1 b6 11. Qa4 Bd7 12. Qc2 O-O 13. O-O Rae8 14. Re1 Ng4 15.
Bxg4 Bxg4 16. Qxe4 Qxe4 17. Nxe4 Bf5 18. f3 Na5 19. Rb4 Bxe4 20. fxe4 c5 21.
Ra4 Rxe4 22. Ba3 Rc8 23. Kf2 f5 24. Rc1 Rc7 25. Rc2 Kf7 26. Rc1 g6 27. Rc2 Ke6
28. Rc1 Kf7 29. Rc2 g5 30. g3 Kg6 31. h3 h5 32. Rc1 h4 33. gxh4 Rxh4 34. Ke2
Re4 35. Kf2 Kf7 36. Kf3 Kf6 37. Kf2 Kg6 38. Kf3 Rh7 39. dxc5 dxc5 40. Bxc5 Nxc4
41. Bd4 Nxe3 42. Kg3 f4+ 43. Kf3 Kf5 44. Rh1 a5 45. Ra3 Nc4 0-1

[Event "19th Hogeschool Zeeland Tournament"]
[Site "Vlissingen"]
[Date "2015.08.08"]
[Round "9"]
[Board "30"]
[White "Goldie, Thomas"]
[Black "Grochal, Joey"]
[Result "1-0"]
[WhiteElo "2067"]
[BlackElo "2187"]
[PlyCount "65"]
[EventDate "2015.08.01"]
[EventRounds "9"]
[EventCountry "NED"]

1. e4 c5 2. Nf3 e6 3. d4 cxd4 4. Nxd4 Nc6 5. Nc3 Qc7 6. Be3 a6 7. Qd2 Nf6 8.
O-O-O Be7 9. f3 h5 10. Kb1 b5 11. Nxc6 dxc6 12. Bg5 e5 13. h4 Be6 14. Qf2 Qa5
15. a3 Bxa3 16. bxa3 b4 17. Na2 Bxa2+ 18. Kxa2 Qxa3+ 19. Kb1 b3 20. c3 b2 21.
Qxb2 Qc5 22. Qb4 Qa7 23. Kc2 Rb8 24. Qa3 Qb6 25. Bc4 a5 26. Rhf1 a4 27. Rb1 Qa7
28. Rxb8+ Qxb8 29. Qc5 Qc7 30. Rd1 a3 31. Bb5 Qe7 32. Bxc6+ Kf8 33. Rd8+ 1-0

[Event "19th Hogeschool Zeeland Tournament"]
[Site "Vlissingen"]
[Date "2015.08.08"]
[Round "9"]
[Board "31"]
[White "Polster, Christian"]
[Black "Boucquet, Emile"]
[Result "1/2-1/2"]
[WhiteElo "1989"]
[BlackElo "2161"]
[PlyCount "111"]
[EventDate "2015.08.01"]
[EventRounds "9"]
[EventCountry "NED"]

1. e4 c5 2. Nf3 d6 3. d4 cxd4 4. Nxd4 a6 5. Nc3 Nf6 6. Bg5 Nbd7 7. f4 Qc7 8.
Qf3 h6 9. Bxf6 Nxf6 10. f5 e5 11. fxe6 fxe6 12. O-O-O Bd7 13. g4 O-O-O 14. Bg2
Be7 15. h3 g6 16. Qe2 Kb8 17. Kb1 Rhf8 18. Rhe1 e5 19. Nb3 Rc8 20. Qd2 Rh8 21.
Rf1 b5 22. Rxf6 Bxf6 23. Nd5 Bg5 24. Nxc7 Bxd2 25. Nxa6+ Ka7 26. Nxd2 Kxa6 27.
Nf1 Rc6 28. Ne3 Be6 29. Rf1 Rh7 30. Rf6 Bf7 31. Bf1 Kb6 32. b3 Kc5 33. c3 Rc7
34. b4+ Kc6 35. a4 bxa4 36. Bc4 Kb7 37. Bd5+ Kc8 38. Kc2 Bxd5 39. Nxd5 Rcf7 40.
Rxd6 Rf2+ 41. Kd3 Ra7 42. Kc4 a3 43. Kc5 Rff7 44. Kc6 Rfc7+ 45. Nxc7 Rxc7+ 46.
Kb5 Rxc3 47. Rxg6 Rxh3 48. Ra6 Re3 49. Kc6 Kb8 50. Kd5 Kb7 51. Ra5 Rg3 52. Kxe5
h5 53. Kf4 Rxg4+ 54. Kf3 Rh4 55. Kg3 Rxe4 56. Rxa3 1/2-1/2

[Event "19th Hogeschool Zeeland Tournament"]
[Site "Vlissingen"]
[Date "2015.08.08"]
[Round "9"]
[Board "32"]
[White "Riksen, John"]
[Black "Buckels, Valentin"]
[Result "1-0"]
[WhiteElo "1983"]
[BlackElo "2152"]
[PlyCount "69"]
[EventDate "2015.08.01"]
[EventRounds "9"]
[EventCountry "NED"]

1. d4 Nf6 2. c4 e6 3. Nf3 Bb4+ 4. Bd2 Qe7 5. a3 Bxd2+ 6. Nbxd2 d6 7. Qc2 e5 8.
dxe5 dxe5 9. e4 O-O 10. Qc3 Nbd7 11. Bd3 b6 12. Bc2 Bb7 13. O-O Rfe8 14. Rfe1
Nf8 15. Ba4 c6 16. Nf1 Ng6 17. Ng3 Red8 18. Nf5 Qe6 19. Ng5 Qe8 20. c5 h6 21.
Nf3 bxc5 22. Qxc5 Qe6 23. Rac1 Rd7 24. Rc3 Nxe4 25. Nxh6+ gxh6 26. Rxe4 Rad8
27. h3 Qf5 28. Bc2 Qf6 29. Nxe5 Rd5 30. Ng4 Qg5 31. Qe3 Kg7 32. Qxg5 hxg5 33.
Rb4 R8d7 34. Be4 c5 35. Rxb7 1-0

[Event "19th Hogeschool Zeeland Tournament"]
[Site "Vlissingen"]
[Date "2015.08.08"]
[Round "9"]
[Board "33"]
[White "Ratsma, Midas"]
[Black "De Vleeschauwer, Maarten"]
[Result "0-1"]
[WhiteElo "2150"]
[BlackElo "2002"]
[PlyCount "52"]
[EventDate "2015.08.01"]
[EventRounds "9"]
[EventCountry "NED"]

1. d4 e6 2. Nf3 f5 3. g3 Nf6 4. Bg2 d6 5. O-O Be7 6. c4 O-O 7. Nc3 Qe8 8. Re1
Ne4 9. Qc2 Nxc3 10. bxc3 Nc6 11. Rb1 e5 12. c5 Kh8 13. cxd6 cxd6 14. Ba3 f4 15.
Rb2 Rb8 16. e3 Bf5 17. e4 Bg4 18. Qd3 Qh5 19. Rf1 Rf6 20. dxe5 dxe5 21. Bxe7
Nxe7 22. Rb5 Nc6 23. h4 Rd8 24. Rd5 Rdf8 25. Rd6 Rxd6 26. Qxd6 Rd8 0-1

[Event "19th Hogeschool Zeeland Tournament"]
[Site "Vlissingen"]
[Date "2015.08.08"]
[Round "9"]
[Board "34"]
[White "Westerweele, Henrik"]
[Black "Rosmuller, Anton"]
[Result "1-0"]
[WhiteElo "1904"]
[BlackElo "2142"]
[PlyCount "69"]
[EventDate "2015.08.01"]
[EventRounds "9"]
[EventCountry "NED"]

1. e4 c5 2. c3 Nf6 3. e5 Nd5 4. d4 e6 5. Nf3 Nc6 6. Bc4 Nb6 7. Bd3 c4 8. Bc2 h6
9. Nbd2 d6 10. Qe2 dxe5 11. dxe5 Na5 12. Ne4 Nd5 13. Be3 Bd7 14. O-O Qc7 15.
Bd4 Nc6 16. Qxc4 Nxd4 17. Qxd4 Bc6 18. Nd6+ Bxd6 19. exd6 Qb6 20. Qxg7 O-O-O
21. Qxf7 Rhg8 22. Qxe6+ Kb8 23. Qe5 Qxb2 24. d7+ Ka8 25. Bb3 Rxd7 26. Rad1 Re7
27. Qd4 Rd7 28. Rfe1 a6 29. Qd2 Qa3 30. Qxh6 Rd6 31. Qc1 Qc5 32. c4 Rxg2+ 33.
Kxg2 Rg6+ 34. Kf1 Qf8 35. Rxd5 1-0

[Event "19th Hogeschool Zeeland Tournament"]
[Site "Vlissingen"]
[Date "2015.08.08"]
[Round "9"]
[Board "35"]
[White "Gutkind, Kedem"]
[Black "Beerdsen, Thomas"]
[Result "0-1"]
[WhiteElo "2065"]
[BlackElo "2319"]
[PlyCount "160"]
[EventDate "2015.08.01"]
[EventRounds "9"]
[EventCountry "NED"]

1. e4 e5 2. Nf3 Nc6 3. Bb5 f5 4. d3 fxe4 5. dxe4 Nf6 6. Nc3 Bb4 7. O-O Bxc3 8.
bxc3 O-O 9. Qd3 Qe8 10. c4 d6 11. Bg5 Bg4 12. Ne1 Nd7 13. Bxc6 bxc6 14. Be3 Qf7
15. c5 d5 16. f3 Be6 17. Bf2 Qe7 18. Qa6 dxe4 19. fxe4 Bg4 20. Nd3 Be2 21. Rfe1
Bxd3 22. cxd3 Nxc5 23. Qc4+ Ne6 24. Qxc6 Rad8 25. Rad1 h6 26. a4 Kh7 27. Be3
Rf6 28. Qc3 Nd4 29. Bxd4 Rxd4 30. Qa5 c6 31. h3 Rg6 32. Re2 Qd7 33. Re3 Qe7 34.
Kh1 Qg5 35. Re2 Qh4 36. Red2 Rd7 37. Qc5 Qg5 38. Qc3 Rgd6 39. a5 Qg3 40. Kg1
Rf6 41. Qc5 Rdf7 42. a6 Rf3 43. Qc2 Qg5 44. Kh2 Qf4+ 45. Kh1 Rf1+ 46. Rxf1
Qxf1+ 47. Kh2 Qf4+ 48. Kh1 Qe3 49. Qd1 Qb6 50. Ra2 Rf6 51. Kh2 Qe3 52. Qe2 Qf4+
53. g3 Qc1 54. Kg2 c5 55. Rc2 Qa3 56. Ra2 Qc3 57. Rc2 Qa5 58. Ra2 Qb5 59. Qc2
Rd6 60. Ra3 Rg6 61. Ra2 Qb4 62. Qe2 Qd4 63. Kh2 Rd6 64. Ra3 Rb6 65. Ra2 Kg8 66.
Qh5 Rb1 67. Qe8+ Kh7 68. h4 Qg1+ 69. Kh3 Qf1+ 70. Kg4 Rb6 71. h5 Qf6 72. Rc2
Rc6 73. Rb2 Re6 74. Qg6+ Qxg6+ 75. hxg6+ Kxg6 76. Rc2 Rc6 77. Kf3 h5 78. g4 h4
79. Kg2 Kg5 80. Rf2 g6 0-1

[Event "19th Hogeschool Zeeland Tournament"]
[Site "Vlissingen"]
[Date "2015.08.08"]
[Round "9"]
[Board "36"]
[White "Dijkstra, Arjan"]
[Black "Neubronner, Jarred"]
[Result "1/2-1/2"]
[WhiteElo "2051"]
[BlackElo "2280"]
[PlyCount "29"]
[EventDate "2015.08.01"]
[EventRounds "9"]
[EventCountry "NED"]

1. c4 e5 2. g3 d5 3. cxd5 c6 4. d4 Qxd5 5. Nf3 e4 6. Nc3 Bb4 7. Nh4 Nf6 8. Ng2
e3 9. f3 Qc4 10. Bxe3 Bxc3+ 11. bxc3 Qxc3+ 12. Kf2 Nd5 13. Qc1 Qb4 14. Qd2 Na6
15. Nf4 1/2-1/2

[Event "19th Hogeschool Zeeland Tournament"]
[Site "Vlissingen"]
[Date "2015.08.08"]
[Round "9"]
[Board "37"]
[White "Altenbernd, Dirk"]
[Black "Donovan, Linton"]
[Result "0-1"]
[WhiteElo "1997"]
[BlackElo "2276"]
[PlyCount "70"]
[EventDate "2015.08.01"]
[EventRounds "9"]
[EventCountry "NED"]

1. c4 e6 2. g3 d5 3. Bg2 c5 4. Nf3 Nc6 5. O-O Nf6 6. d3 Be7 7. Bg5 O-O 8. Nc3
h6 9. Bf4 Nh5 10. Bd2 d4 11. Na4 e5 12. e3 Nf6 13. exd4 exd4 14. Re1 Bd6 15. b3
Bf5 16. Qc2 Qd7 17. a3 Bg4 18. b4 b6 19. b5 Ne7 20. Ne5 Bxe5 21. Rxe5 Ng6 22.
f4 Rad8 23. Ree1 h5 24. Nb2 h4 25. a4 Nh5 26. Kf2 Ne7 27. a5 hxg3+ 28. hxg3 Nf5
29. axb6 axb6 30. Ra6 Qc7 31. Qa4 Nfxg3 32. Ra7 Qd6 33. Re5 Nf5 34. Ra6 Qf6 35.
Rxc5 Qh4+ 0-1

[Event "19th Hogeschool Zeeland Tournament"]
[Site "Vlissingen"]
[Date "2015.08.08"]
[Round "9"]
[Board "38"]
[White "Greevenbosch, Henk"]
[Black "Hovenga, Alje"]
[Result "0-1"]
[WhiteElo "1979"]
[BlackElo "2232"]
[PlyCount "78"]
[EventDate "2015.08.01"]
[EventRounds "9"]
[EventCountry "NED"]

1. c4 g6 2. Nc3 Bg7 3. g3 d6 4. d4 Nf6 5. Bg2 O-O 6. e3 Nbd7 7. Nge2 c6 8. d5
c5 9. O-O a6 10. a4 Rb8 11. f4 Ne8 12. Ra3 Nc7 13. h3 b5 14. cxb5 axb5 15. Nxb5
Nxb5 16. axb5 Rxb5 17. Nc3 Rb4 18. Rf2 Rb8 19. g4 Bb7 20. g5 Ra8 21. Rb3 Ba6
22. Bf1 Bxf1 23. Kxf1 Ra1 24. Ne4 Qa8 25. Ra3 Rxa3 26. bxa3 Rb8 27. Ng3 Rb1 28.
Ra2 Qa6+ 29. Ne2 c4 30. Qc2 Rb3 31. a4 Nc5 32. a5 Nd3 33. Bd2 e6 34. dxe6 fxe6
35. Bc3 Qc6 36. Bxg7 Qf3+ 37. Kg1 Qxe3+ 38. Kh2 Qf2+ 39. Kh1 Ne1 0-1

[Event "19th Hogeschool Zeeland Tournament"]
[Site "Vlissingen"]
[Date "2015.08.08"]
[Round "9"]
[Board "40"]
[White "Boelhouwer, Collin"]
[Black "Audenaert, Bart"]
[Result "1/2-1/2"]
[WhiteElo "2158"]
[BlackElo "2025"]
[PlyCount "132"]
[EventDate "2015.08.01"]
[EventRounds "9"]
[EventCountry "NED"]

1. e4 e5 2. Nf3 Nc6 3. Bb5 Nf6 4. d3 Bc5 5. O-O d6 6. c3 a6 7. Ba4 O-O 8. Bg5
b5 9. Bb3 Bb6 10. Nbd2 Be6 11. Re1 Ne7 12. d4 Bxb3 13. Qxb3 Ng6 14. Nf1 h6 15.
Bd2 c6 16. Ng3 Qc7 17. a4 Rfe8 18. h3 Nd7 19. Nf5 Nf6 20. Qc2 d5 21. exd5 cxd5
22. dxe5 Ne4 23. Be3 Rad8 24. axb5 axb5 25. N3d4 b4 26. Nb5 Qc6 27. Nfd4 Bxd4
28. Nxd4 Qc4 29. f3 Nc5 30. f4 Qd3 31. Qxd3 Nxd3 32. Rf1 Nxb2 33. cxb4 Nc4 34.
Bc1 Ra8 35. Rb1 Nf8 36. Rd1 Ne6 37. Nb5 Red8 38. f5 Rab8 39. Na7 Rb7 40. Nc6
Rc8 41. fxe6 Rxc6 42. exf7+ Kxf7 43. Rxd5 Ke6 44. Rd8 Rc5 45. Rd4 Nxe5 46. Bf4
Rcb5 47. Re4 Kf5 48. Rd4 g5 49. Bd2 Rd7 50. Rxd7 Nxd7 51. Kf2 Ke4 52. Be3 Ne5
53. Ke2 Nd3 54. Bd2 Ne5 55. Rb3 Nc4 56. Bc3 h5 57. Rb1 Ne3 58. Kf2 Nd5 59. Bd2
Kd3 60. Bxg5 Nc3 61. Re1 Rxg5 62. g4 hxg4 63. hxg4 Rxg4 64. Re3+ Kc4 65. Kf3
Rd4 66. Re8 Kxb4 1/2-1/2

[Event "19th Hogeschool Zeeland Tournament"]
[Site "Vlissingen"]
[Date "2015.08.08"]
[Round "9"]
[Board "41"]
[White "Lacrosse, Marc"]
[Black "Ackermann, Frank"]
[Result "1-0"]
[WhiteElo "2139"]
[BlackElo "2035"]
[PlyCount "61"]
[EventDate "2015.08.01"]
[EventRounds "9"]
[EventCountry "NED"]

1. d4 d5 2. c4 c6 3. Nf3 Nf6 4. Nc3 e6 5. cxd5 exd5 6. Bg5 Bd6 7. e3 Bg4 8. Bd3
O-O 9. Qc2 h6 10. Bh4 Nbd7 11. Nd2 Re8 12. O-O Nf8 13. Rae1 Be7 14. h3 Bh5 15.
f4 b5 16. g4 Bg6 17. f5 Bh7 18. Nf3 Rc8 19. a3 a5 20. Ne5 Bd6 21. e4 b4 22.
axb4 axb4 23. Na4 c5 24. exd5 cxd4 25. Nc6 Qc7 26. Bxf6 gxf6 27. b3 Bg3 28.
Rxe8 Rxe8 29. Nc5 Bh4 30. Ne4 Nd7 31. Ne7+ 1-0

[Event "19th Hogeschool Zeeland Tournament"]
[Site "Vlissingen"]
[Date "2015.08.08"]
[Round "9"]
[Board "42"]
[White "Stange, Sven"]
[Black "De Zwart, Johan"]
[Result "1/2-1/2"]
[WhiteElo "2108"]
[BlackElo "2025"]
[PlyCount "74"]
[EventDate "2015.08.01"]
[EventRounds "9"]
[EventCountry "NED"]

1. d4 Nf6 2. c4 c5 3. d5 e6 4. Nc3 exd5 5. cxd5 d6 6. Nf3 g6 7. Bf4 a6 8. a4
Bg7 9. h3 O-O 10. e3 Qe7 11. Be2 Nbd7 12. O-O Ne8 13. Qd2 Nc7 14. Rfd1 Rb8 15.
Qc2 Ne5 16. Bxe5 Bxe5 17. Nxe5 Qxe5 18. Qe4 Re8 19. Qxe5 Rxe5 20. Ra3 Bd7 21.
a5 b5 22. axb6 Rxb6 23. b3 Bb5 24. Bc4 Bxc4 25. bxc4 Re8 26. Rda1 Kf8 27. g4 h6
28. h4 f5 29. g5 hxg5 30. hxg5 Rb4 31. Ra4 Reb8 32. Kf1 Rxa4 33. Rxa4 Rb3 34.
Ne2 Rb4 35. Nc3 Rb3 36. Ne2 Rb4 37. Nc3 Rb3 1/2-1/2

[Event "19th Hogeschool Zeeland Tournament"]
[Site "Vlissingen"]
[Date "2015.08.08"]
[Round "9"]
[Board "43"]
[White "Hekhuis, Jeroen"]
[Black "Ritsema, Ronald"]
[Result "1/2-1/2"]
[WhiteElo "2107"]
[BlackElo "1989"]
[PlyCount "44"]
[EventDate "2015.08.01"]
[EventRounds "9"]
[EventCountry "NED"]

1. d4 Nf6 2. c4 g6 3. g3 Bg7 4. Bg2 O-O 5. e4 d6 6. Nc3 Nbd7 7. f4 e5 8. Be3 c6
9. Bf3 Re8 10. fxe5 dxe5 11. d5 Qa5 12. a3 c5 13. Nge2 a6 14. Qd3 Rb8 15. Bd2
Qc7 16. a4 Nf8 17. O-O Rd8 18. Nd1 Ne6 19. Ne3 Nd4 20. Nxd4 exd4 21. Nc2 Nd7
22. Ne1 Ne5 1/2-1/2

[Event "19th Hogeschool Zeeland Tournament"]
[Site "Vlissingen"]
[Date "2015.08.08"]
[Round "9"]
[Board "44"]
[White "Vrolijk, Liam"]
[Black "Blankert, Willem"]
[Result "1-0"]
[WhiteElo "2095"]
[BlackElo "1997"]
[PlyCount "111"]
[EventDate "2015.08.01"]
[EventRounds "9"]
[EventCountry "NED"]

1. d4 e6 2. c4 f5 3. Nc3 Nf6 4. Nf3 Bb4 5. Qb3 c5 6. a3 Bxc3+ 7. Qxc3 cxd4 8.
Qxd4 O-O 9. g3 Nc6 10. Qd1 b6 11. Bg2 Ne4 12. O-O Bb7 13. Nd2 Nxd2 14. Bxd2 Qc7
15. Rc1 d6 16. Bc3 Rad8 17. b4 Ne7 18. Qb3 Bxg2 19. Kxg2 h6 20. Rfd1 f4 21. Bb2
fxg3 22. hxg3 Qb7+ 23. Kg1 Qe4 24. Qc2 Qg4 25. Rd4 Qh5 26. Rh4 Qg5 27. Qe4 Qf5
28. Rf4 Qxe4 29. Rxe4 e5 30. c5 bxc5 31. bxc5 dxc5 32. Rxe5 Ng6 33. Rexc5 Rb8
34. Bd4 Rf7 35. Rc7 Rb7 36. Rxb7 Rxb7 37. Rc8+ Kf7 38. Ra8 Ne7 39. Rxa7 Rxa7
40. Bxa7 Nc6 41. Bb6 Ke6 42. Kg2 g6 43. a4 Kd5 44. Kf3 Ne5+ 45. Kf4 Nc4 46. Bd8
Ke6 47. Ke4 Nd6+ 48. Kd4 g5 49. a5 Kd7 50. Bf6 Ke6 51. Bd8 Kd7 52. Bb6 h5 53.
Ke5 h4 54. gxh4 gxh4 55. Kf4 Nf5 56. Kg4 1-0

[Event "19th Hogeschool Zeeland Tournament"]
[Site "Vlissingen"]
[Date "2015.08.08"]
[Round "9"]
[Board "45"]
[White "Oud, Niek"]
[Black "Goossens, Xavier"]
[Result "1-0"]
[WhiteElo "1936"]
[BlackElo "2094"]
[PlyCount "129"]
[EventDate "2015.08.01"]
[EventRounds "9"]
[EventCountry "NED"]

1. d4 d5 2. c4 e6 3. Nf3 c5 4. cxd5 exd5 5. dxc5 Bxc5 6. e3 Nf6 7. Nc3 O-O 8.
Be2 Nc6 9. O-O a6 10. a3 Qd6 11. b4 Bb6 12. Bb2 Rd8 13. Qd3 Bg4 14. Rfd1 Bc7
15. g3 Ne5 16. Nxe5 Qxe5 17. Bxg4 Nxg4 18. Qe2 Qh5 19. f3 Nf6 20. Rd4 Bb6 21.
Rh4 Qe5 22. Ne4 Qe6 23. Nxf6+ gxf6 24. Re1 Re8 25. Qd3 h6 26. Kg2 Kg7 27. Rf4
d4 28. Rg4+ Kh8 29. Bxd4 Rad8 30. Re4 Bxd4 31. Rxe6 Rxe6 32. Qb3 Bb6 33. Re2
Kg7 34. Qc4 Bxe3 35. Qc7 Bb6 36. Qc2 Rxe2+ 37. Qxe2 Kf8 38. Qe4 Rd7 39. Qf4 Bd4
40. Qxh6+ Ke7 41. h4 Rc7 42. h5 Rc2+ 43. Kh3 f5 44. Qf4 Bf6 45. Qxf5 Rc3 46.
Qe4+ Kf8 47. a4 Rc8 48. b5 axb5 49. axb5 Rc5 50. Qxb7 Rxh5+ 51. Kg4 Re5 52. b6
Re8 53. Qc6 Be5 54. b7 Re6 55. Qc8+ Re8 56. Qc5+ Kg7 57. f4 Bb8 58. Qc6 Rg8 59.
Kf5 Rf8 60. Qf6+ Kh7 61. g4 Ba7 62. g5 Bc5 63. Kg4 Ba7 64. Kh5 Bb8 65. f5 1-0

[Event "19th Hogeschool Zeeland Tournament"]
[Site "Vlissingen"]
[Date "2015.08.08"]
[Round "9"]
[Board "46"]
[White "Oosterom, Erik"]
[Black "Van Houtte, Randy"]
[Result "1/2-1/2"]
[WhiteElo "2082"]
[BlackElo "1977"]
[PlyCount "146"]
[EventDate "2015.08.01"]
[EventRounds "9"]
[EventCountry "NED"]

1. Nf3 d6 2. d4 g6 3. c4 Bg7 4. Nc3 Nc6 5. e3 Bg4 6. Be2 Nf6 7. h3 Bxf3 8. Bxf3
O-O 9. O-O Nd7 10. Rb1 e5 11. d5 Ne7 12. e4 f5 13. exf5 Nxf5 14. Ne4 h6 15. b4
Nf6 16. c5 Nd4 17. Nxf6+ Qxf6 18. Be4 g5 19. Be3 Qe7 20. Rc1 a5 21. Re1 Qf7 22.
a3 axb4 23. axb4 Ra2 24. Bb1 Rb2 25. Qd3 Bh8 26. cxd6 cxd6 27. Rc4 Rxf2 28.
Qh7+ Qxh7 29. Bxh7+ Kxh7 30. Bxf2 Rf7 31. Rc8 Bg7 32. Rd8 Nc2 33. Re4 Rf4 34.
Re2 Nxb4 35. Rxd6 Rf7 36. Bg3 Nd3 37. Rd8 Bf6 38. Rb8 Rd7 39. Rc2 Kg6 40. d6
Rxd6 41. Rxb7 Re6 42. Re2 Nf4 43. Bxf4 gxf4 44. Re4 Kf5 45. Rc4 e4 46. Rb5+ Be5
47. Kf2 e3+ 48. Kf3 Kg6 49. Re4 Kf6 50. Kg4 Re7 51. Rb6+ Re6 52. Rxe6+ Kxe6 53.
Kf3 Kd5 54. Ra4 Bd4 55. Ke2 Be5 56. Kf3 Bd4 57. Ra8 Bc3 58. Ra7 Bf6 59. Rd7+
Ke6 60. Rd1 Bh4 61. Ra1 Bg5 62. Ra2 Ke5 63. Rb2 Kd4 64. Rb8 Kd3 65. Re8 Bh4 66.
Re6 Bg5 67. Rd6+ Kc3 68. h4 Bxh4 69. Rxh6 Bg3 70. Ke2 Kd4 71. Ra6 Ke5 72. Ra4
Kf5 73. Kf3 Ke5 1/2-1/2

[Event "19th Hogeschool Zeeland Tournament"]
[Site "Vlissingen"]
[Date "2015.08.08"]
[Round "9"]
[Board "47"]
[White "Sturm, Pieter"]
[Black "De Boer, Eelke"]
[Result "0-1"]
[WhiteElo "2077"]
[BlackElo "1976"]
[PlyCount "46"]
[EventDate "2015.08.01"]
[EventRounds "9"]
[EventCountry "NED"]

1. Nc3 d5 2. e4 e6 3. exd5 exd5 4. d4 Nf6 5. Bd3 Nc6 6. Nge2 Bd6 7. Bg5 Be6 8.
a3 a6 9. Qd2 h6 10. Bh4 g5 11. Bg3 Nh5 12. O-O-O f5 13. Qe3 Qe7 14. Bxd6 cxd6
15. Rhe1 O-O-O 16. f4 Rde8 17. g3 g4 18. Nxd5 Bxd5 19. Bxf5+ Kb8 20. Qxe7 Rxe7
21. Nc3 Bf3 22. Rxe7 Nxe7 23. Re1 Nxf5 0-1

[Event "19th Hogeschool Zeeland Tournament"]
[Site "Vlissingen"]
[Date "2015.08.08"]
[Round "9"]
[Board "48"]
[White "Tikranian, Alik"]
[Black "Bodicker, Rob"]
[Result "1-0"]
[WhiteElo "2075"]
[BlackElo "1957"]
[PlyCount "57"]
[EventDate "2015.08.01"]
[EventRounds "9"]
[EventCountry "NED"]

1. d4 d5 2. Bf4 Nf6 3. Nf3 c6 4. e3 Bf5 5. Be2 e6 6. O-O Bd6 7. Bxd6 Qxd6 8. c4
O-O 9. c5 Qc7 10. b4 Nbd7 11. Nbd2 e5 12. dxe5 Nxe5 13. Nd4 Bg4 14. h3 Bxe2 15.
Qxe2 Qd7 16. Rab1 b6 17. a4 a5 18. cxb6 axb4 19. Rfc1 Ne4 20. Nxe4 dxe4 21. Rc5
Rfe8 22. Qc2 Qd6 23. Nxc6 b3 24. Rxb3 Rxa4 25. Rxe5 Rxe5 26. Nxe5 Ra1+ 27. Rb1
Rxb1+ 28. Qxb1 Qxe5 29. b7 1-0

[Event "19th Hogeschool Zeeland Tournament"]
[Site "Vlissingen"]
[Date "2015.08.08"]
[Round "9"]
[Board "49"]
[White "Van Randtwijk, Mick"]
[Black "Van Der Zalm, Marnix"]
[Result "0-1"]
[WhiteElo "1814"]
[BlackElo "2074"]
[PlyCount "56"]
[EventDate "2015.08.01"]
[EventRounds "9"]
[EventCountry "NED"]

1. e4 d6 2. d4 Nf6 3. Nc3 g6 4. f4 Bg7 5. Nf3 O-O 6. Bd3 Na6 7. O-O c5 8. d5
Bg4 9. Bc4 Nc7 10. h3 Bxf3 11. Qxf3 e6 12. dxe6 fxe6 13. f5 d5 14. exd5 Nfxd5
15. g4 gxf5 16. gxf5 Rxf5 17. Qg2 Rxf1+ 18. Kxf1 Qh4 19. Be2 Rf8+ 20. Kg1 Qd4+
21. Kh1 Nxc3 22. bxc3 Qxc3 23. Rb1 Qxc2 24. Ra1 Kh8 25. Bh6 Bxh6 26. Rg1 Nd5
27. Qg4 Nf6 28. Qxe6 Qe4+ 0-1

[Event "19th Hogeschool Zeeland Tournament"]
[Site "Vlissingen"]
[Date "2015.08.08"]
[Round "9"]
[Board "50"]
[White "Verduyn, Frederic"]
[Black "Wagenvoorde, Guido"]
[Result "1/2-1/2"]
[WhiteElo "2199"]
[BlackElo "1824"]
[PlyCount "64"]
[EventDate "2015.08.01"]
[EventRounds "9"]
[EventCountry "NED"]

1. e4 c6 2. d4 d5 3. Nc3 dxe4 4. Nxe4 Bf5 5. Ng3 Bg6 6. h4 h6 7. Nf3 Nd7 8. h5
Bh7 9. Bd3 Bxd3 10. Qxd3 e6 11. Bd2 Ngf6 12. O-O-O Be7 13. Ne4 Nxe4 14. Qxe4
Nf6 15. Qe2 Qd5 16. c4 Qe4 17. Qxe4 Nxe4 18. Be3 Nf6 19. Ne5 Rc8 20. f3 Nd7 21.
Nxd7 Kxd7 22. Kb1 b6 23. g4 Kc7 24. Rhe1 Bh4 25. Re2 Rcd8 26. Bf4+ Kc8 27. Red2
Rd7 28. d5 exd5 29. cxd5 cxd5 30. Rxd5 Rxd5 31. Rxd5 Rd8 32. Rxd8+ Kxd8 1/2-1/2